[Event "Stay Safe Play From Home 214"]
[Site "T#646695Emanuel Laske"]
[Date "2020.06.10"]
[Round "6"]
[White "Mepe_Nika"]
[Black "Haxhi Baha"]
[Result "1-0"]
[WhiteElo "2375"]
[BlackElo "1968"]
[Annotator "RC"]
[PlyCount "93"]
[EventDate "2020.06.10"]
[EventType "swiss (blitz)"]

1. d4 {[%emt 0:00:01]} d5 {[%emt 0:00:01]} 2. Bf4 {[%emt 0:00:01]} e6 {[%emt 0:00:01]} 3. e3 {[%emt 0:00:00]} Bd6 {[%emt 0:00:00]} 4. Bxd6 {[%emt 0:00:00]} Qxd6 {[%emt 0:00:01]} 5. c4 {[%emt 0:00:01]} Nd7 {[%emt 0:00:01]} 6. Nc3 {[%emt 0:00:01]} dxc4 {[%emt 0:00:01]} 7. Bxc4 {[%emt 0:00:01]} a6 {[%emt 0:00:00]} 8. Nf3 {[%emt 0:00:00]} b5 {[%emt 0:00:01]} 9. Bd3 {[%emt 0:00:01]} Bb7 {[%emt 0:00:00]} 10. Be4 {[%emt 0:00:01]} Bxe4 {[%emt 0:00:02]} 11. Nxe4 {[%emt 0:00:00]} Qb4+ {[%emt 0:00:01]} 12. Qd2 {[%emt 0:00:00]} Qxd2+ {[%emt 0:00:01]} 13. Nfxd2 {[%emt 0:00:01]} Ngf6 {[%emt 0:00:01]} 14. Rc1 {[%emt 0:00:01]} Nxe4 {[%emt 0:00:01]} 15. Nxe4 {[%emt 0:00:00]} O-O-O {[%emt 0:00:02]} 16. Nd6+ {[%emt 0:00:01]} Kb8 {[%emt 0:00:01]} 17. Nxf7 {[%emt 0:00:00]} Nb6 {[%emt 0:00:01]} 18. Nxh8 {[%emt 0:00:01]} Rxh8 {[%emt 0:00:01]} 19. b3 {[%emt 0:00:00]} Kb7 {[%emt 0:00:02]} 20. Ke2 {[%emt 0:00:01]} b4 {[%emt 0:00:02]} 21. Rc5 {[%emt 0:00:01]} Rd8 {[%emt 0:00:01]} 22. Rhc1 {[%emt 0:00:01]} Rd7 {[%emt 0:00:00]} 23. h4 {[%emt 0:00:02]} Nd5 {[%emt 0:00:01]} 24. h5 {[%emt 0:00:02]} Nc3+ {[%emt 0:00:01]} 25. R1xc3 {[%emt 0:00:00]} bxc3 {[%emt 0:00:00]} 26. Rxc3 {[%emt 0:00:00]} Kb6 {[%emt 0:00:00]} 27. Rc5 {[%emt 0:00:01]} a5 {[%emt 0:00:01]} 28. Kd3 {[%emt 0:00:01]} c6 {[%emt 0:00:00]} 29. Kc4 {[%emt 0:00:01]} Rf7 {[%emt 0:00:01]} 30. f3 {[%emt 0:00:01]} Rf6 {[%emt 0:00:01]} 31. Rg5 {[%emt 0:00:01]} g6 {[%emt 0:00:01]} 32. hxg6 {[%emt 0:00:01]} hxg6 {[%emt 0:00:00]} 33. Rg4 {[%emt 0:00:02]} Ka6 {[%emt 0:00:02]} 34. Rh4 {[%emt 0:00:01]} Kb6 {[%emt 0:00:01]} 35. Rh8 {[%emt 0:00:01]} g5 {[%emt 0:00:00]} 36. Rg8 {[%emt 0:00:01]} Rf5 {[%emt 0:00:00]} 37. e4 {[%emt 0:00:01]} Rb5 {[%emt 0:00:01]} 38. e5 {[%emt 0:00:02]} a4 {[%emt 0:00:02]} 39. Rb8+ {[%emt 0:00:02]} Ka5 {[%emt 0:00:01]} 40. Rxb5+ {[%emt 0:00:00]} cxb5+ {[%emt 0:00:00]} 41. Kc5 {[%emt 0:00:02]} axb3 {[%emt 0:00:02]} 42. axb3 {[%emt 0:00:00]} b4 {[%emt 0:00:00]} 43. d5 {[%emt 0:00:01]} exd5 {[%emt 0:00:01]} 44. e6 {[%emt 0:00:00]} d4 {[%emt 0:00:01]} 45. e7 {[%emt 0:00:02]} d3 {[%emt 0:00:01]} 46. e8=Q {[%emt 0:00:00]} Ka6 {[%emt 0:00:01]} 47. Qa8# {[%emt 0:00:01] (Lag: Av=0.84s, max=1.3s)} 1-0

[Event "Stay Safe Play From Home 214"]
[Site "T#646695Emanuel Laske"]
[Date "2020.06.10"]
[Round "6"]
[White "Toosieslide"]
[Black "Lucknow"]
[Result "1-0"]
[WhiteElo "2249"]
[BlackElo "1920"]
[Annotator "RC"]
[PlyCount "104"]
[EventDate "2020.06.10"]
[EventType "swiss (blitz)"]

1. d4 {[%emt 0:00:01]} d5 {[%emt 0:00:01]} 2. c4 {[%emt 0:00:01]} c6 {[%emt 0:00:00]} 3. Nc3 {[%emt 0:00:00]} Nf6 {[%emt 0:00:01]} 4. Nf3 {[%emt 0:00:00]} e6 {[%emt 0:00:01]} 5. g3 {[%emt 0:00:00]} Be7 {[%emt 0:00:01]} 6. Bg2 {[%emt 0:00:00]} Nbd7 {[%emt 0:00:00]} 7. O-O {[%emt 0:00:00]} b6 {[%emt 0:00:02]} 8. Nd2 {[%emt 0:00:03]} Bb7 {[%emt 0:00:01]} 9. e4 {[%emt 0:00:01]} dxe4 {[%emt 0:00:01]} 10. Ndxe4 {[%emt 0:00:00]} O-O {[%emt 0:00:01]} 11. Be3 {[%emt 0:00:03]} Nxe4 {[%emt 0:00:02]} 12. Nxe4 {[%emt 0:00:02]} Nf6 {[%emt 0:00:00]} 13. Nxf6+ {[%emt 0:00:01]} Bxf6 {[%emt 0:00:01]} 14. Be4 {[%emt 0:00:02]} g6 {[%emt 0:00:02]} 15. Qf3 {[%emt 0:00:01]} Bg7 {[%emt 0:00:01]} 16. Bxc6 {[%emt 0:00:01]} Bxc6 {[%emt 0:00:00]} 17. Qxc6 {[%emt 0:00:01]} Rc8 {[%emt 0:00:00]} 18. Qb5 {[%emt 0:00:02]} Qc7 {[%emt 0:00:04]} 19. Rac1 {[%emt 0:00:02]} Qc6 {[%emt 0:00:01]} 20. Qxc6 {[%emt 0:00:01]} Rxc6 {[%emt 0:00:00]} 21. b3 {[%emt 0:00:01]} Rd8 {[%emt 0:00:01]} 22. Rfd1 {[%emt 0:00:01]} Rcd6 {[%emt 0:00:01]} 23. Rc2 {[%emt 0:00:01]} R6d7 {[%emt 0:00:00]} 24. Rcd2 {[%emt 0:00:01]} Bf6 {[%emt 0:00:01]} 25. d5 {[%emt 0:00:01]} Kf8 {[%emt 0:00:00]} 26. dxe6 {[%emt 0:00:01]} Rxd2 {[%emt 0:00:02]} 27. Rxd2 {[%emt 0:00:00]} Rxd2 {[%emt 0:00:00]} 28. Bxd2 {[%emt 0:00:00]} fxe6 {[%emt 0:00:02]} 29. Kf1 {[%emt 0:00:00]} Ke7 {[%emt 0:00:01]} 30. Ke2 {[%emt 0:00:01]} Kd6 {[%emt 0:00:01]} 31. Kd3 {[%emt 0:00:00]} Kc6 {[%emt 0:00:01]} 32. Bf4 {[%emt 0:00:01]} Be7 {[%emt 0:00:00]} 33. Be5 {[%emt 0:00:01]} Bc5 {[%emt 0:00:00]} 34. f4 {[%emt 0:00:01]} Bg1 {[%emt 0:00:01]} 35. h3 {[%emt 0:00:00]} Bh2 {[%emt 0:00:00]} 36. g4 {[%emt 0:00:00]} Bg3 {[%emt 0:00:01]} 37. Ke4 {[%emt 0:00:01]} Bf2 {[%emt 0:00:02]} 38. f5 {[%emt 0:00:01]} Bc5 {[%emt 0:00:00]} 39. f6 {[%emt 0:00:01]} Bf8 {[%emt 0:00:02]} 40. Kf4 {[%emt 0:00:01]} Kd7 {[%emt 0:00:00]} 41. Kg5 {[%emt 0:00:01]} Ke8 {[%emt 0:00:03]} 42. h4 {[%emt 0:00:01]} Kf7 {[%emt 0:00:00]} 43. h5 {[%emt 0:00:00]} gxh5 {[%emt 0:00:01]} 44. gxh5 {[%emt 0:00:02]} Kg8 {[%emt 0:00:03]} 45. a4 {[%emt 0:00:03]} Kf7 {[%emt 0:00:00]} 46. Bb8 {[%emt 0:00:01]} a6 {[%emt 0:00:01]} 47. Bc7 {[%emt 0:00:01]} b5 {[%emt 0:00:00]} 48. axb5 {[%emt 0:00:01]} axb5 {[%emt 0:00:00]} 49. cxb5 {[%emt 0:00:00]} Bc5 {[%emt 0:00:02]} 50. b6 {[%emt 0:00:01]} e5 {[%emt 0:00:01]} 51. b7 {[%emt 0:00:01]} Ba7 {[%emt 0:00:01]} 52. Bxe5 {[%emt 0:00:01]} Ke6 {[%emt 0:00:02] Lucknow gibt auf (Lag: Av=0.42s, max=1.0s)} 1-0

[Event "Stay Safe Play From Home 214"]
[Site "T#646695Emanuel Laske"]
[Date "2020.06.10"]
[Round "6"]
[White "BrainThinker22"]
[Black "Haris kollari 13"]
[Result "1-0"]
[WhiteElo "2231"]
[BlackElo "1751"]
[Annotator "NA RC"]
[PlyCount "69"]
[EventDate "2020.06.10"]
[EventType "swiss (blitz)"]

1. e4 {[%emt 0:00:02]} e6 {[%emt 0:00:00]} 2. Nc3 {[%emt 0:00:01]} d5 {[%emt 0:00:01]} 3. d3 {[%emt 0:00:00]} d4 {[%emt 0:00:01]} 4. Nce2 {[%emt 0:00:01]} c5 {[%emt 0:00:01]} 5. f4 {[%emt 0:00:01]} Nc6 {[%emt 0:00:01]} 6. g3 {[%emt 0:00:00]} f6 {[%emt 0:00:00]} 7. Bg2 {[%emt 0:00:00]} e5 {[%emt 0:00:01]} 8. Nf3 {[%emt 0:00:00]} Bg4 {[%emt 0:00:02]} 9. O-O {[%emt 0:00:01]} Bd6 {[%emt 0:00:01]} 10. h3 {[%emt 0:00:01]} Be6 {[%emt 0:00:02]} 11. f5 {[%emt 0:00:01]} Bf7 {[%emt 0:00:01]} 12. g4 {[%emt 0:00:00]} Qd7 {[%emt 0:00:01]} 13. Ng3 {[%emt 0:00:00]} O-O-O {[%emt 0:00:01]} 14. g5 {[%emt 0:00:00]} g6 {[%emt 0:00:03]} 15. gxf6 {[%emt 0:00:01]} Nxf6 {[%emt 0:00:02]} 16. Ng5 {[%emt 0:00:01]} Be8 {[%emt 0:00:07]} 17. fxg6 {[%emt 0:00:01]} Qe7 {[%emt 0:00:07]} 18. gxh7 {[%emt 0:00:03]} Nxh7 {[%emt 0:00:02]} 19. Nf5 {[%emt 0:00:00]} Qd7 {[%emt 0:00:06]} 20. Nxh7 {[%emt 0:00:02]} Rxh7 {[%emt 0:00:01]} 21. Nxd6+ {[%emt 0:00:01]} Qxd6 {[%emt 0:00:01]} 22. Bg5 {[%emt 0:00:01]} Rdd7 {[%emt 0:00:01]} 23. Qg4 {[%emt 0:00:01]} Rhg7 {[%emt 0:00:02]} 24. Rf5 {[%emt 0:00:01]} Kc7 {[%emt 0:00:07]} 25. Raf1 {[%emt 0:00:02]} Bg6 {[%emt 0:00:01]} 26. Rf6 {[%emt 0:00:01]} Qe7 {[%emt 0:00:02]} 27. Rxg6 {[%emt 0:00:00]} Rxg6 {[%emt 0:00:01]} 28. Bxe7 {[%emt 0:00:01]} Rxg4 {[%emt 0:00:01]} 29. hxg4 {[%emt 0:00:00]} Rxe7 {[%emt 0:00:00]} 30. g5 {[%emt 0:00:01]} Rg7 {[%emt 0:00:01]} 31. Rf5 {[%emt 0:00:00]} Ne7 {[%emt 0:00:01]} 32. Rxe5 {[%emt 0:00:01]} Kd6 {[%emt 0:00:00]} 33. Rxe7 {[%emt 0:00:05]} Kxe7 {[%emt 0:00:01]} 34. Kf2 {[%emt 0:00:00]} Rxg5 {[%emt 0:00:01]} 35. Bf3 {[%emt 0:00:00] Time (Lag: Av=0.39s, max=0.5s)} 1-0

[Event "Stay Safe Play From Home 214"]
[Site "T#646695Emanuel Laske"]
[Date "2020.06.10"]
[Round "6"]
[White "SoulofWolf"]
[Black "Castlingarrocco"]
[Result "0-1"]
[WhiteElo "2206"]
[BlackElo "2030"]
[Annotator "TA"]
[PlyCount "84"]
[EventDate "2020.06.10"]
[EventType "swiss (blitz)"]

{[%evp 9,83,25,31,27,39,35,47,53,177,-39,-33,-43,14,-15,-13,-11,0,-22,-20,-36,-36,-39,-36,-41,21,21,253,48,252,7,12,-52,15,0,28,18,72,7,18,6,41,-14,-14,-63,-61,-46,0,-12,16,18,14,8,19,0,0,-36,0,-125,-111,-422,-129,-29988,-29989,-29989,-29989,-29986,-29983,-29983,-29984,-29983,-29983,-29982,-29983,-29995,-29996,-29999]} 1. d4 g6 2. Nf3 Bg7 3. g3 d6 4. Bg2 Nd7 5. O-O c6 6. Re1 {A41: 1 d4 d6: Tartakower System and Modern Defence.} Qc7 {[#]} 7. c3 $146 ({Predecessor:} 7. e4 e5 8. c3 Ngf6 9. Na3 b5 10. Nc2 Bb7 11. Bg5 h6 12. Bxf6 Nxf6 13. Nh4 {½-½ (58) Lenz,H (1795)-Schmidt,K (1613) Nuremberg 2011}) 7... e5 8. Nbd2 {White is slightly better.} f5 {[#]} (8... Ngf6 $14) 9. a4 $2 (9. e4 $1 $18) 9... e4 $1 $15 10. Ng5 {Black must now prevent Ne6.} Nb6 (10... Ndf6 $15) 11. e3 h6 12. Nh3 Nf6 13. a5 Nbd5 14. Nf4 Nxf4 15. exf4 O-O 16. Nc4 d5 (16... Be6 $15 17. Qa4 Rad8) 17. Ne5 $36 {[%mdl 2048] White has good play.} Qe7 $2 (17... Kh7 $11 {and Black has nothing to worry.}) 18. Qb3 $2 ({White has to play} 18. Nxg6 $18 Qf7 19. Nxf8) 18... Nd7 $2 (18... Kh7 $14) 19. c4 $2 (19. Nxg6 $18 Qf7 20. Nxf8 Bxf8 21. Qc2) 19... Nxe5 20. dxe5 (20. fxe5 $11 Be6 21. c5) 20... Be6 (20... d4 $1 $15) 21. cxd5 Bxd5 22. Qc2 Rab8 (22... Qe6 $11) 23. b3 ({White should play} 23. Be3 $16) 23... Qe6 24. Ba3 Rfe8 25. Reb1 (25. Re3 $14) 25... g5 26. b4 gxf4 27. gxf4 Qg6 28. Kh1 Kh8 29. Rg1 Qf7 30. Bb2 Re6 31. Bd4 Rg8 32. Bxa7 Bf8 (32... Rg6 $5 {[%cal Rg7e5]} 33. Qd1 Bf8 $11) 33. Bc5 (33. Be3 $11 {keeps the balance.}) 33... Reg6 {Strongly threatening ...Bxc5.} 34. Bxf8 $2 {[%mdl 8192] [#]} (34. Qe2 $17 {nothing else works.}) 34... Qxf8 $2 (34... e3 $1 $19 {[%cal Rg6g2] is more deadly.} 35. f3 Rxg2 36. Rxg2 Bxf3 {[%mdl 64] Pin}) 35. Bh3 $2 {[%mdl 8192]} (35. Qe2 $17) 35... e3+ $1 {Black mates.} 36. f3 Bxf3+ 37. Bg2 Bxg2+ 38. Rxg2 Rxg2 39. Qxg2 Rxg2 40. Kxg2 Qxb4 41. Re1 Qxe1 42. Kf3 Qf2# {Quite a comeback for Black. Accuracy: White = 43%, Black = 46%.} 0-1

[Event "Stay Safe Play From Home 214"]
[Site "T#646695Emanuel Laske"]
[Date "2020.06.10"]
[Round "6"]
[White "Lamborghini"]
[Black "Grizzzly"]
[Result "1-0"]
[WhiteElo "2188"]
[BlackElo "1780"]
[Annotator "TA"]
[PlyCount "29"]
[EventDate "2020.06.10"]
[EventType "swiss (blitz)"]

{[%evp 24,29,31,18,61,60,1263,1269]} 1. e4 c6 2. d4 d5 3. Nc3 dxe4 4. Nxe4 Bf5 5. Ng3 Bg6 6. h4 h6 7. Nf3 Nd7 8. h5 Bh7 9. Bd3 Bxd3 10. Qxd3 e6 11. Bf4 Ngf6 12. O-O-O Qa5 13. Kb1 Nd5 {B19: Classical Caro-Kann: 4...Bf5 main line.} 14. Bd2 {[#]} Bd6 $146 {[%mdl 8192] [#]} (14... Qa4 $14) ({Predecessor:} 14... Qc7 15. c4 N5f6 16. Ne4 O-O-O 17. g3 Nxe4 18. Qxe4 Be7 19. c5 Rhe8 20. Bf4 Qa5 21. Ne5 Nf6 22. Qe2 Nd5 23. Nxf7 Nxf4 24. gxf4 Rd5 25. Qxe6+ Kb8 26. Nd6 {1-0 (26) Oragwu,C (2220)-Gonzalvez Perales,J (1992) Caleta 2020}) 15. Bxa5 1-0

[Event "Stay Safe Play From Home 214"]
[Site "T#646695Emanuel Laske"]
[Date "2020.06.10"]
[Round "6"]
[White "EnigmaG"]
[Black "Matanant"]
[Result "0-1"]
[WhiteElo "1566"]
[BlackElo "1604"]
[Annotator "NA RC"]
[PlyCount "56"]
[EventDate "2020.06.10"]
[EventType "swiss (blitz)"]

1. e4 {[%emt 0:00:01]} e5 {[%emt 0:00:01]} 2. Nf3 {[%emt 0:00:02]} d5 {[%emt 0:00:00]} 3. exd5 {[%emt 0:00:02]} e4 {[%emt 0:00:00]} 4. Ng1 {[%emt 0:00:03]} Nf6 {[%emt 0:00:00]} 5. Qe2 {[%emt 0:00:01]} Qxd5 {[%emt 0:00:01]} 6. Nc3 {[%emt 0:00:01]} Qd8 {[%emt 0:00:02]} 7. Nxe4 {[%emt 0:00:01]} Be7 {[%emt 0:00:00]} 8. Nxf6+ {[%emt 0:00:01]} gxf6 {[%emt 0:00:01]} 9. Nf3 {[%emt 0:00:01]} Bg4 {[%emt 0:00:02]} 10. d3 {[%emt 0:00:02]} Nc6 {[%emt 0:00:02]} 11. Bf4 {[%emt 0:00:01]} Nd4 {[%emt 0:00:01]} 12. h3 {[%emt 0:00:02]} Nxe2 {[%emt 0:00:02]} 13. Bxe2 {[%emt 0:00:01]} Bxf3 {[%emt 0:00:01]} 14. Bxf3 {[%emt 0:00:01]} c6 {[%emt 0:00:02]} 15. O-O-O {[%emt 0:00:01]} Qb6 {[%emt 0:00:01]} 16. Rhe1 {[%emt 0:00:01]} h5 {[%emt 0:00:07]} 17. Bd6 {[%emt 0:00:01]} O-O-O {[%emt 0:00:09]} 18. Rxe7 {[%emt 0:00:04]} Rxd6 {[%emt 0:00:02]} 19. Rxf7 {[%emt 0:00:02]} Re8 {[%emt 0:00:02]} 20. Bxh5 {[%emt 0:00:03]} Re5 {[%emt 0:00:01]} 21. g4 {[%emt 0:00:04]} Qxf2 {[%emt 0:00:02]} 22. Rf8+ {[%emt 0:00:03]} Kc7 {[%emt 0:00:02]} 23. Rf7+ {[%emt 0:00:01]} Kb6 {[%emt 0:00:02]} 24. a3 {[%emt 0:00:01]} Re2 {[%emt 0:00:01]} 25. Kb1 {[%emt 0:00:02]} Rxc2 {[%emt 0:00:02]} 26. Ka2 {[%emt 0:00:03]} Rxb2+ {[%emt 0:00:01]} 27. Ka1 {[%emt 0:00:01]} Ra2+ {[%emt 0:00:01]} 28. Kb1 {[%emt 0:00:01]} Qb2# {[%emt 0:00:00] (Lag: Av=0.88s, max=1.9s)} 0-1

[Event "Stay Safe Play From Home 214"]
[Site "T#646695Emanuel Laske"]
[Date "2020.06.10"]
[Round "6"]
[White "Klasman"]
[Black "Lazieri3"]
[Result "0-1"]
[WhiteElo "1408"]
[BlackElo "1974"]
[Annotator "TA"]
[PlyCount "52"]
[EventDate "2020.06.10"]
[EventType "swiss (blitz)"]

{[%evp 9,52,-24,-22,-26,-24,-23,-20,-55,-52,-52,-39,-29,-12,-16,-10,-11,-14,-13,-8,-4,0,-7,0,-33,39,25,47,53,163,-2,0,0,29,6,16,0,0,0,0,-132,0,-269,-128,-240,-234]} 1. f4 c6 2. Nf3 d5 3. c4 Nf6 4. cxd5 cxd5 5. d4 Nc6 6. e3 {A03: Bird's Opening with 1...d5.} Bf5 7. Nc3 e6 {[#]} 8. h3 $146 {The position is equal.} ({Predecessor:} 8. a4 Be7 9. Be2 O-O 10. O-O Rc8 11. Bd2 Na5 12. Ne5 {½-½ (12) Puhalo,Z (2011)-Pardic,O (2210) Subotica 2015}) 8... Ne4 9. Nxe4 Bxe4 10. Bd3 Bxd3 11. Qxd3 Be7 12. Bd2 O-O 13. O-O Rc8 14. g4 h6 15. Rac1 f6 16. f5 e5 (16... Qd6 $15 17. Qe2 Qg3+ 18. Qg2 Qxg2+ 19. Kxg2 exf5) 17. dxe5 Nxe5 18. Nxe5 fxe5 (18... Rxc1 $14 19. Bxc1 fxe5) 19. Qe2 $2 {[#]} (19. Rxc8 $18 Qxc8 20. Qxd5+ {[%mdl 64] Double Attack} Kh7 21. Rc1 (21. Qxe5 Bf6 $16)) 19... Rxc1 20. Rxc1 d4 21. exd4 exd4 22. Qe6+ Kh8 23. Re1 Bf6 24. h4 (24. Bb4 $11 Rg8 25. Be7 Bxe7 26. Qxe7) 24... Bxh4 {[#]} ({Better is} 24... d3 $17 {White must now prevent ...Bd4+.} 25. Kg2 Bxh4) 25. Re2 $2 {[%mdl 8192]} (25. Bxh6 $1 $11 {[%mdl 512] and White has nothing to worry.} Qc7 (25... gxh6 26. Qxh6+) 26. Re2) 25... Bg5 (25... d3 $19 {has better winning chances.} 26. Bc3 Bg5) 26. Bxg5 (26. Qe4 $17) 26... Qxg5 {Accuracy: White = 60%, Black = 66%.} 0-1

[Event "Stay Safe Play From Home 214"]
[Site "T#646695Emanuel Laske"]
[Date "2020.06.10"]
[Round "7"]
[White "BrainThinker22"]
[Black "Mepe_Nika"]
[Result "0-1"]
[WhiteElo "2233"]
[BlackElo "2378"]
[Annotator "NA RC"]
[PlyCount "80"]
[EventDate "2020.06.10"]
[EventType "swiss (blitz)"]

1. e4 {[%emt 0:00:01]} g6 {[%emt 0:00:01]} 2. Nf3 {[%emt 0:00:00]} Bg7 {[%emt 0:00:01]} 3. g3 {[%emt 0:00:00]} c5 {[%emt 0:00:01]} 4. Bg2 {[%emt 0:00:00]} Nc6 {[%emt 0:00:00]} 5. O-O {[%emt 0:00:01]} d6 {[%emt 0:00:00]} 6. c3 {[%emt 0:00:00]} e5 {[%emt 0:00:02]} 7. h3 {[%emt 0:00:01]} Nge7 {[%emt 0:00:01]} 8. Re1 {[%emt 0:00:00]} O-O {[%emt 0:00:00]} 9. d3 {[%emt 0:00:00]} h6 {[%emt 0:00:02]} 10. Be3 {[%emt 0:00:00]} Be6 {[%emt 0:00:01]} 11. Qd2 {[%emt 0:00:01]} Kh7 {[%emt 0:00:01]} 12. Na3 {[%emt 0:00:02]} f5 {[%emt 0:00:01]} 13. Nc2 {[%emt 0:00:03]} g5 {[%emt 0:00:01]} 14. exf5 {[%emt 0:00:01]} Nxf5 {[%emt 0:00:00]} 15. g4 {[%emt 0:00:01]} Nxe3 {[%emt 0:00:02]} 16. Qxe3 {[%emt 0:00:00]} Qf6 {[%emt 0:00:01]} 17. b3 {[%emt 0:00:01]} Rf7 {[%emt 0:00:01]} 18. Rad1 {[%emt 0:00:01]} Qg6 {[%emt 0:00:01]} 19. Qe4 {[%emt 0:00:02]} Raf8 {[%emt 0:00:01]} 20. Qxg6+ {[%emt 0:00:01]} Kxg6 {[%emt 0:00:00]} 21. Re3 {[%emt 0:00:01]} Ne7 {[%emt 0:00:04]} 22. c4 {[%emt 0:00:02]} Nc6 {[%emt 0:00:01]} 23. Rde1 {[%emt 0:00:02]} Bd7 {[%emt 0:00:02]} 24. R1e2 {[%emt 0:00:02]} Nd4 {[%emt 0:00:01]} 25. Ncxd4 {[%emt 0:00:01]} cxd4 {[%emt 0:00:00]} 26. Re4 {[%emt 0:00:02]} Rxf3 {[%emt 0:00:02]} 27. Bxf3 {[%emt 0:00:00]} Rxf3 {[%emt 0:00:01]} 28. Kg2 {[%emt 0:00:00]} Rxd3 {[%emt 0:00:01]} 29. f3 {[%emt 0:00:01]} Bc6 {[%emt 0:00:01]} 30. b4 {[%emt 0:00:04]} Bxe4 {[%emt 0:00:03]} 31. fxe4 {[%emt 0:00:00]} Re3 {[%emt 0:00:01]} 32. Rd2 {[%emt 0:00:01]} Rxe4 {[%emt 0:00:01]} 33. Kf3 {[%emt 0:00:03]} Re3+ {[%emt 0:00:01]} 34. Kg2 {[%emt 0:00:01]} Rc3 {[%emt 0:00:00]} 35. c5 {[%emt 0:00:01]} dxc5 {[%emt 0:00:01]} 36. b5 {[%emt 0:00:00]} e4 {[%emt 0:00:01]} 37. Rb2 {[%emt 0:00:01]} b6 {[%emt 0:00:02]} 38. a4 {[%emt 0:00:01]} d3 {[%emt 0:00:01]} 39. Kg3 {[%emt 0:00:03]} Rc2 {[%emt 0:00:00]} 40. Rb1 {[%emt 0:00:01]} Be5# {[%emt 0:00:01] (Lag: Av=0.36s, max=0.8s)} 0-1

[Event "Stay Safe Play From Home 214"]
[Site "T#646695Emanuel Laske"]
[Date "2020.06.10"]
[Round "7"]
[White "Lamborghini"]
[Black "SoulofWolf"]
[Result "0-1"]
[WhiteElo "2191"]
[BlackElo "2182"]
[Annotator "TA"]
[PlyCount "110"]
[EventDate "2020.06.10"]
[EventType "swiss (blitz)"]

{[%evp 9,110,23,50,15,21,5,14,8,16,8,14,8,23,22,19,0,0,0,1,-55,0,-13,66,79,77,77,92,22,51,-25,35,6,0,-2,44,29,60,29,31,14,43,42,70,0,96,0,0,-71,144,69,127,127,196,189,238,241,663,659,661,675,666,660,588,659,625,636,1541,1455,1597,1585,1423,906,1558,1445,2508,764,628,468,1119,0,0,0,0,7,565,252,565,522,635,620,835,916,910,741,847,-823,-799,-1102,-1095,-1095,-1047,-912,-891]} 1. e4 c5 2. Nf3 e6 3. d4 a6 4. c4 cxd4 5. Nxd4 Nc6 6. Nf3 {B28: Sicilian: 2 Nf3 a6 (O'Kelly Variation).} Bc5 7. Nc3 Nf6 8. Bd3 {[#] The position is equal.} d6 $146 ({Predecessor:} 8... Ng4 9. O-O Qc7 10. g3 h5 11. Bf4 d6 12. Qe2 e5 13. Nd5 Qd8 14. Bg5 f6 15. Bd2 Be6 {0-1 (37) Kozlov,S (2340)-Domogaev,S (2510) Moscow 2013}) 9. O-O O-O 10. a3 h6 11. b4 Ba7 12. Bb2 Bd7 13. Qe2 Rc8 14. Rfd1 ({White should play} 14. h3 $11) 14... Qc7 (14... Ng4 $1 $15 15. Rf1 Nce5) 15. Rac1 Ne5 (15... Ng4 $11 16. Rf1 Nge5) 16. Nxe5 $14 dxe5 17. c5 Bc6 18. Bb1 (18. a4 $16) 18... Rfd8 19. Qf3 (19. Rxd8+ $14 Rxd8 20. h3) 19... Rd4 (19... b6 $11) 20. Rxd4 exd4 21. Ne2 e5 (21... Bb8 $5 {[%cal Rc7h2]} 22. Qh3 Nxe4 $11) 22. Ng3 Bd7 23. h3 Be6 24. Bd3 Qd7 25. Nf5 Bxf5 26. exf5 (26. Qxf5 $14 Qxf5 27. exf5) 26... Re8 (26... a5 $11 {keeps the balance.}) 27. Re1 (27. c6 $16 bxc6 28. Qxc6) 27... Bb8 $11 {Strongly threatening ...e4!} 28. g4 {[#]} (28. Be4 $11 {remains equal.}) 28... Nd5 $2 {[#]} (28... e4 $1 $17 {[%mdl 512] and life is bright.} 29. Bxe4 Qe7 30. Bxd4 Nxe4) 29. Bc1 ({Better is} 29. Be4 $1 $16 {[%cal Re4d5]} Rd8 30. Bc1) 29... Nc3 {[#]} (29... Nf6 $14) 30. Bd2 $1 $16 Nd5 (30... Bc7 $16 {is a better defense.}) 31. Be4 $18 Nf6 32. Bxb7 a5 $2 (32... Re7) 33. Bc6 {[%mdl 64] Skewer} Qd8 34. Bxe8 Qxe8 35. g5 hxg5 36. Bxg5 Nh7 37. Bd2 f6 38. Qd5+ Kh8 39. Qe6 Qf8 40. c6 Bc7 41. bxa5 Qb8 42. Bb4 Ng5 43. Qd7 Kh7 (43... Nf3+ $142 44. Kg2 Nxe1+ 45. Bxe1 Qb1 46. Qe8+ (46. Qxc7 Qe4+ 47. Kh2 Qxe1 $11) 46... Kh7 47. Qh5+ Kg8) 44. h4 $2 (44. Kg2 $18 e4 45. h4) 44... Nf3+ $11 45. Kf1 {And now Re4 would win.} Nxe1 46. Kxe1 {Threatens to win with a6.} e4 $2 {[%mdl 8192]} (46... Bxa5 $1 $11 {and Black is okay.} 47. Qb7 (47. Bxa5 Qb1+ 48. Kd2 Qb2+ 49. Kd3 Qb5+ 50. Ke4 Qxa5 $14) 47... Qd8) 47. Qd5 (47. Qxd4 $142 {Black must now prevent Qd7.} Qb5 48. Qxe4 Bxa5 49. Bxa5 Qxa5+ 50. Kf1) 47... d3 $2 (47... Qe8 48. a6 e3) 48. Qxe4 $18 Qd8 49. Kd2 Be5 50. Qxd3 Qc7 51. Qf3 Bf4+ 52. Qxf4 $4 {[%mdl 8192]} (52. Kd3 $18 Qb8 53. Kc4) 52... Qxf4+ $19 {Black is clearly winning.} 53. Kc2 Qc4+ 54. Kd2 Qxc6 55. Kd3 Qd5+ {Quite a comeback for Black. Accuracy: White = 53%, Black = 33%.} 0-1